| 000 | 00896nac a2200265 a 4500 | ||
|---|---|---|---|
| 003 | Co-PeBPM | ||
| 005 | 20250413105308.0 | ||
| 008 | 250413e2007 |||o|||| |||| 00| 0 spa d | ||
| 020 | _a9788425341113 | ||
| 040 | 0 |
_aCo-PeBPM _bspa _cCo-PeBPM _erda |
|
| 041 | 0 | _aspa | |
| 082 | 0 | 4 | _aR 750.9 F247p |
| 245 | 1 | 0 |
_a1001 pinturas que hay que ver antes de morir _c/ prólogo de JF Yvars ; edición de Stephen Farthing |
| 250 | _aSegunda edición | ||
| 260 |
_aBarcelona, España _b: Grijalbo _c, 2007 |
||
| 300 |
_a960 páginas _b: fotografías a color _c; 22 centímetros |
||
| 500 | _aIncluye glosario : páginas 942-946. | ||
| 500 | _aIncluye índice. | ||
| 650 | 1 | 4 |
_2LEMB _aPintura _vguías |
| 650 | 1 | 4 |
_2LEMB _aPintores _vbiografías |
| 650 | 1 | 4 |
_2LEMB _aPintura _xhistoria y crítica |
| 700 | 1 |
_aYvars, José Francisco _eprólogo |
|
| 700 | 1 |
_aFarthing, Stephen _eeditor |
|
| 942 |
_2ddc _cBK _n0 |
||
| 999 |
_c60674 _d60674 |
||